[Event "WCO 2016"]
[Site "?"]
[Date "2016.09.11"]
[Round "9"]
[Board "5"]
[WhiteID "11101644"]
[White "Husbands Orlando"]
[BlackID "5500672"]
[Black "Mabrouk Fathi"]
[Result "1-0"]
[BlackElo "2145"]
[WhiteElo "2257"]
[LiveChessVersion "1.4.8"]

1. e4 {[%clk 1:30:56]} c5 {[%clk 1:30:53]} 2. Nf3 {[%clk 1:31:20]} e6
{[%clk 1:31:09]} 3. d4 {[%clk 1:31:49]} cxd4 {[%clk 1:31:33]} 4. Nxd4
{[%clk 1:32:14]} a6 {[%clk 1:31:58]} 5. Bd3 {[%clk 1:32:38]} Qc7 {[%clk 1:30:22]}
6. Qe2 {[%clk 1:32:45]} Nc6 {[%clk 1:30:29]} 7. Nxc6 {[%clk 1:33:13]} bxc6
{[%clk 1:29:50]} 8. e5 {[%clk 1:33:40]} Ne7 {[%clk 1:26:10]} 9. O-O
{[%clk 1:29:57]} Ng6 {[%clk 1:25:55]} 10. f4 {[%clk 1:25:22]} d6 {[%clk 1:22:28]}
11. exd6 {[%clk 1:21:45]} Bxd6 {[%clk 1:22:46]} 12. Qf2 {[%clk 1:21:33]} O-O
{[%clk 1:21:01]} 13. Nc3 {[%clk 1:21:35]} c5 {[%clk 1:16:58]} 14. Be3
{[%clk 1:13:44]} Bb7 {[%clk 1:04:54]} 15. Ne4 {[%clk 0:55:32]} Bxe4
{[%clk 1:03:30]} 16. Bxe4 {[%clk 0:55:59]} Rab8 {[%clk 1:03:45]} 17. c4
{[%clk 0:54:33]} f5 {[%clk 0:57:36]} 18. Bd3 {[%clk 0:47:24]} e5 {[%clk 0:54:40]}
19. fxe5 {[%clk 0:46:27]} Nxe5 {[%clk 0:44:11]} 20. Bxf5 {[%clk 0:35:09]} Ng4
{[%clk 0:42:39]} 21. Qh4 {[%clk 0:31:06]} Rxf5 {[%clk 0:36:07]} 22. Qxg4
{[%clk 0:30:36]} Bxh2+ {[%clk 0:32:56]} 23. Kh1 {[%clk 0:30:58]} Rff8
{[%clk 0:30:31]} 24. Rad1 {[%clk 0:13:31]} Be5 {[%clk 0:27:39]} 25. Qe6+
{[%clk 0:12:47]} Kh8 {[%clk 0:27:27]} 26. b3 {[%clk 0:12:48]} h6 {[%clk 0:23:17]}
27. Rf5 {[%clk 0:07:14]} Rxf5 {[%clk 0:22:15]} 28. Qxf5 {[%clk 0:07:43]} Qe7
{[%clk 0:22:04]} 29. Qe4 {[%clk 0:04:08]} Rf8 {[%clk 0:19:20]} 30. Re1
{[%clk 0:03:51]} a5 {[%clk 0:17:00]} 31. Bxh6 {[%clk 0:01:52]} Re8
{[%clk 0:15:50]} 32. Bd2 {[%clk 0:01:25]} Qf7 {[%clk 0:15:45]} 33. Qf3
{[%clk 0:01:16]} Qg6 {[%clk 0:14:25]} 34. Bxa5 {[%clk 0:00:35]} Bd4
{[%clk 0:08:38]} 35. Rxe8+ {[%clk 0:00:45]} Qxe8 {[%clk 0:09:07]} 36. Bd2
{[%clk 0:00:46]} Qg6 {[%clk 0:08:23]} 37. a4 {[%clk 0:00:34]} Qb1+
{[%clk 0:07:53]} 38. Kh2 {[%clk 0:01:02]} Bg1+ {[%clk 0:07:18]} 39. Kg3
{[%clk 0:00:40]} Qg6+ {[%clk 0:07:12]} 40. Kh4 {[%clk 0:30:32]} Kg8
{[%clk 0:32:52]} 41. Qd5+ {[%clk 0:28:59]} Kf8 {[%clk 0:32:50]} 42. Bg5
{[%clk 0:22:28]} Bf2+ {[%clk 0:30:34]} 43. Kg4 {[%clk 0:21:02]} Ke8
{[%clk 0:29:32]} 44. Qf5 {[%clk 0:17:57]} Qxf5+ {[%clk 0:23:53]} 45. Kxf5
{[%clk 0:18:04]} Kd7 {[%clk 0:24:14]} 46. Bf4 {[%clk 0:18:20]} 1-0

[Event "WCO 2016"]
[Site "?"]
[Date "2016.09.11"]
[Round "9"]
[Board "6"]
[WhiteID "5501660"]
[White "Meftahi Houssem"]
[BlackID "11100400"]
[Black "Del Castilho Martyn"]
[Result "0-1"]
[BlackElo "2248"]
[WhiteElo "2119"]
[LiveChessVersion "1.4.8"]

1. e4 {[%clk 1:30:53]} c5 {[%clk 1:30:53]} 2. Nf3 {[%clk 1:31:21]} d6
{[%clk 1:31:10]} 3. d4 {[%clk 1:31:47]} cxd4 {[%clk 1:31:35]} 4. Nxd4
{[%clk 1:32:14]} Nf6 {[%clk 1:31:59]} 5. Nc3 {[%clk 1:32:40]} g6 {[%clk 1:32:21]}
6. Bc4 {[%clk 1:32:21]} Bg7 {[%clk 1:32:33]} 7. Be3 {[%clk 1:32:44]} O-O
{[%clk 1:32:51]} 8. f3 {[%clk 1:33:11]} Nc6 {[%clk 1:33:10]} 9. Qd2
{[%clk 1:33:38]} Bd7 {[%clk 1:33:27]} 10. O-O-O {[%clk 1:33:56]} Rc8
{[%clk 1:33:47]} 11. Bb3 {[%clk 1:34:20]} Nxd4 {[%clk 1:34:04]} 12. Bxd4
{[%clk 1:34:38]} b5 {[%clk 1:34:21]} 13. h4 {[%clk 1:09:35]} a5 {[%clk 1:34:34]}
14. a3 {[%clk 1:08:43]} b4 {[%clk 1:28:48]} 15. axb4 {[%clk 1:09:01]} axb4
{[%clk 1:29:16]} 16. Nb1 {[%clk 1:06:52]} Qa5 {[%clk 1:21:58]} 17. g4
{[%clk 0:56:52]} Ba4 {[%clk 1:19:47]} 18. Qd3 {[%clk 0:55:32]} Nd7
{[%clk 1:01:22]} 19. Bc4 {[%clk 0:37:03]} Ne5 {[%clk 0:49:15]} 20. Bxe5
{[%clk 0:36:36]} Qxe5 {[%clk 0:49:10]} 21. b3 {[%clk 0:36:41]} Bd7
{[%clk 0:45:27]} 22. Rdg1 {[%clk 0:34:59]} Be6 {[%clk 0:40:57]} 23. Kd1
{[%clk 0:31:55]} Rfd8 {[%clk 0:19:01]} 24. Bd5 {[%clk 0:30:59]} Bxd5
{[%clk 0:16:10]} 25. exd5 {[%clk 0:31:10]} Rc5 {[%clk 0:15:10]} 26. Re1
{[%clk 0:29:52]} Rxd5 {[%clk 0:09:08]} 27. Rxe5 {[%clk 0:29:58]} Rxd3+
{[%clk 0:09:33]} 28. cxd3 {[%clk 0:29:00]} Bxe5 {[%clk 0:09:54]} 29. Nd2
{[%clk 0:28:55]} Ra8 {[%clk 0:10:03]} 30. Ke2 {[%clk 0:28:16]} Bf4
{[%clk 0:09:45]} 31. Nc4 {[%clk 0:27:05]} Ra2+ {[%clk 0:10:03]} 32. Kf1
{[%clk 0:27:34]} d5 {[%clk 0:09:00]} 33. Nb6 {[%clk 0:27:45]} e6 {[%clk 0:09:19]}
0-1

[Event "WCO 2016"]
[Site "?"]
[Date "2016.09.11"]
[Round "9"]
[Board "7"]
[WhiteID "11101393"]
[White "Poon Yu Tien"]
[BlackID "5502012"]
[Black "Ben Ammar Mohamed"]
[Result "1-0"]
[BlackElo "1929"]
[WhiteElo "2196"]
[LiveChessVersion "1.4.8"]

1. d4 {[%clk 1:30:57]} Nf6 {[%clk 1:30:56]} 2. c4 {[%clk 1:31:20]} g6
{[%clk 1:31:18]} 3. Nc3 {[%clk 1:31:26]} Bg7 {[%clk 1:31:43]} 4. e4
{[%clk 1:31:44]} d6 {[%clk 1:32:03]} 5. f3 {[%clk 1:31:57]} O-O {[%clk 1:32:10]}
6. Bg5 {[%clk 1:32:22]} h6 {[%clk 1:30:31]} 7. Be3 {[%clk 1:32:22]} e5
{[%clk 1:30:51]} 8. d5 {[%clk 1:31:08]} c6 {[%clk 1:23:55]} 9. Qd2
{[%clk 1:30:17]} Kh7 {[%clk 1:22:18]} 10. O-O-O {[%clk 1:29:27]} cxd5
{[%clk 1:18:40]} 11. cxd5 {[%clk 1:24:28]} a6 {[%clk 1:09:31]} 12. h4
{[%clk 1:14:39]} Ne8 {[%clk 1:03:28]} 13. h5 {[%clk 1:06:21]} g5 {[%clk 1:03:12]}
14. g4 {[%clk 1:04:17]} b5 {[%clk 1:00:35]} 15. Kb1 {[%clk 1:03:56]} Nd7
{[%clk 0:49:32]} 16. Nce2 {[%clk 0:53:07]} Nb6 {[%clk 0:48:26]} 17. Ng3
{[%clk 0:53:33]} Rb8 {[%clk 0:37:13]} 18. Qa5 {[%clk 0:48:48]} Nf6
{[%clk 0:33:29]} 19. Rc1 {[%clk 0:47:24]} Na4 {[%clk 0:17:14]} 20. Qxd8 Rxd8 21.
b3 {[%clk 0:44:29]} Nb6 {[%clk 0:12:44]} 22. Nh3 {[%clk 0:38:29]} Bd7
{[%clk 0:10:20]} 23. Bd3 {[%clk 0:34:34]} Nc4 {[%clk 0:09:13]} 24. Bxc4
{[%clk 0:32:25]} bxc4 {[%clk 0:09:35]} 25. Rxc4 {[%clk 0:32:44]} a5
{[%clk 0:09:41]} 26. Bd2 {[%clk 0:25:52]} a4 {[%clk 0:09:26]} 27. b4
{[%clk 0:25:17]} Bb5 {[%clk 0:09:44]} 28. Rc3 {[%clk 0:23:29]} Nd7
{[%clk 0:08:05]} 29. Be3 {[%clk 0:18:01]} a3 {[%clk 0:06:29]} 30. Nf5
{[%clk 0:12:10]} Be2 {[%clk 0:06:23]} 31. Bxg5 {[%clk 0:11:13]} Rxb4+
{[%clk 0:05:55]} 32. Ka1 {[%clk 0:11:38]} hxg5 {[%clk 0:03:33]} 33. Nxg5+
{[%clk 0:12:05]} Kg8 {[%clk 0:03:59]} 34. h6 {[%clk 0:12:32]} Bh8
{[%clk 0:03:34]} 35. Nxd6 {[%clk 0:10:40]} Nf6 {[%clk 0:02:50]} 36. Ndxf7
{[%clk 0:08:49]} Rdb8 {[%clk 0:00:42]} 37. Nxh8 {[%clk 0:08:50]} Kxh8
{[%clk 0:00:53]} 38. Nf7+ {[%clk 0:09:13]} Kg8 {[%clk 0:00:40]} 39. Nxe5
{[%clk 0:09:40]} Re8 {[%clk 0:00:36]} 40. Nc6 {[%clk 0:33:35]} Rb7
{[%clk 0:30:37]} 41. Nd4 {[%clk 0:33:32]} Bxf3 {[%clk 0:26:27]} 42. Rxf3
{[%clk 0:31:43]} Rxe4 {[%clk 0:22:50]} 43. Ne6 {[%clk 0:29:13]} Re2
{[%clk 0:16:19]} 44. Rxf6 {[%clk 0:28:41]} Rbb2 {[%clk 0:16:42]} 45. h7+
{[%clk 0:29:07]} 1-0

[Event "WCO 2016"]
[Site "?"]
[Date "2016.09.11"]
[Round "9"]
[Board "8"]
[WhiteID "5500141"]
[White "Schenaoui Nabil "]
[BlackID "11100095"]
[Black "Farley Terry"]
[Result "0-1"]
[BlackElo "2203"]
[WhiteElo "2150"]
[LiveChessVersion "1.4.8"]

1. d4 {[%clk 1:30:53]} Nf6 {[%clk 1:30:53]} 2. Bf4 {[%clk 1:31:14]} g6
{[%clk 1:31:13]} 3. e3 {[%clk 1:31:34]} Bg7 {[%clk 1:31:33]} 4. Nf3
{[%clk 1:31:51]} d6 {[%clk 1:31:47]} 5. Be2 {[%clk 1:31:12]} O-O {[%clk 1:31:44]}
6. h3 {[%clk 1:30:55]} Nc6 {[%clk 1:31:48]} 7. O-O {[%clk 1:30:44]} Nd7
{[%clk 1:30:45]} 8. c3 {[%clk 1:30:12]} e5 {[%clk 1:30:43]} 9. Bg5
{[%clk 1:27:33]} f6 {[%clk 1:24:43]} 10. Bh4 {[%clk 1:27:51]} g5 {[%clk 1:25:08]}
11. Bg3 {[%clk 1:28:09]} f5 {[%clk 1:10:12]} 12. dxe5 {[%clk 1:25:59]} dxe5
{[%clk 1:10:32]} 13. Qd5+ {[%clk 1:25:35]} Kh8 {[%clk 1:10:54]} 14. Na3
{[%clk 1:18:06]} Qe7 {[%clk 1:09:42]} 15. Rfe1 {[%clk 1:17:10]} Nb6
{[%clk 1:03:31]} 16. Qd2 {[%clk 1:15:33]} Be6 {[%clk 1:02:39]} 17. Bb5
{[%clk 1:10:09]} Bd5 {[%clk 0:58:34]} 18. Qe2 {[%clk 1:06:43]} e4
{[%clk 0:43:40]} 19. Nd2 {[%clk 1:05:49]} f4 {[%clk 0:26:40]} 20. exf4
{[%clk 1:05:55]} gxf4 {[%clk 0:27:04]} 21. Bh2 {[%clk 1:04:35]} Rae8
{[%clk 0:26:40]} 22. c4 {[%clk 0:44:15]} Nd4 {[%clk 0:27:04]} 23. Qf1
{[%clk 0:41:32]} e3 {[%clk 0:20:56]} 24. Qd3 {[%clk 0:32:19]} exf2+
{[%clk 0:20:30]} 25. Kxf2 {[%clk 0:32:16]} Qh4+ {[%clk 0:20:49]} 26. Kf1
{[%clk 0:32:18]} f3 {[%clk 0:10:19]} 27. Nxf3 {[%clk 0:29:45]} Nxf3
{[%clk 0:05:53]} 28. Rxe8 {[%clk 0:28:56]} Nxh2+ {[%clk 0:04:19]} 29. Ke2
{[%clk 0:28:55]} Qf2+ {[%clk 0:04:18]} 30. Kd1 {[%clk 0:29:10]} Rxe8
{[%clk 0:04:19]} 31. Bxe8 {[%clk 0:29:37]} Nf1 {[%clk 0:01:11]} 32. Nc2
{[%clk 0:28:58]} Be4 {[%clk 0:01:08]} 0-1

[Event "WCO 2016"]
[Site "?"]
[Date "2016.09.11"]
[Round "9"]
[Board "5"]
[WhiteID "13002783"]
[White "Wynn Zaw Htun"]
[BlackID "9200355"]
[Black "Elarbi Abobker"]
[Result "1-0"]
[BlackElo "2297"]
[WhiteElo "2407"]
[LiveChessVersion "1.4.8"]

1. Nf3 {[%clk 1:30:55]} g6 {[%clk 1:30:45]} 2. e4 {[%clk 1:30:42]} Bg7
{[%clk 1:30:21]} 3. d4 {[%clk 1:29:02]} d6 {[%clk 1:27:11]} 4. Be2
{[%clk 1:23:22]} Nf6 {[%clk 1:27:21]} 5. Nc3 {[%clk 1:23:34]} c6 {[%clk 1:26:53]}
6. h3 {[%clk 1:21:18]} b5 {[%clk 1:22:55]} 7. a3 {[%clk 1:20:46]} a6
{[%clk 1:22:39]} 8. O-O {[%clk 1:18:29]} O-O {[%clk 1:22:28]} 9. Bg5
{[%clk 1:06:17]} Qc7 {[%clk 1:19:50]} 10. e5 {[%clk 1:03:22]} Ne8
{[%clk 1:07:51]} 11. Re1 {[%clk 1:00:46]} d5 {[%clk 0:59:53]} 12. Bd3
{[%clk 0:54:55]} f6 {[%clk 0:50:07]} 13. Bf4 {[%clk 0:53:27]} f5 {[%clk 0:45:01]}
14. h4 {[%clk 0:45:01]} h5 {[%clk 0:38:10]} 15. Ne2 {[%clk 0:40:07]} Be6
{[%clk 0:32:05]} 16. Bd2 {[%clk 0:37:53]} Bf7 {[%clk 0:31:32]} 17. Ng5
{[%clk 0:35:58]} e6 {[%clk 0:31:52]} 18. Nf4 {[%clk 0:35:21]} Qd7
{[%clk 0:31:59]} 19. Qf3 {[%clk 0:29:33]} Nc7 {[%clk 0:32:10]} 20. Qg3
{[%clk 0:29:31]} Be8 {[%clk 0:30:09]} 21. Ba5 {[%clk 0:27:38]} Bh6
{[%clk 0:27:29]} 22. Bxc7 {[%clk 0:27:48]} Bxg5 {[%clk 0:27:56]} 23. Qxg5
{[%clk 0:28:09]} Qxc7 {[%clk 0:27:50]} 24. Nxe6 {[%clk 0:28:24]} Qf7
{[%clk 0:26:34]} 25. Nxf8 {[%clk 0:28:37]} Kxf8 {[%clk 0:26:42]} 26. e6
{[%clk 0:28:39]} Qe7 {[%clk 0:27:11]} 27. Qh6+ {[%clk 0:28:31]} Kg8 1-0

[Event "WCO 2016"]
[Site "?"]
[Date "2016.09.11"]
[Round "9"]
[Board "6"]
[WhiteID "9202110"]
[White "Salem Mahjob"]
[BlackID "13000322"]
[Black "Myint Han"]
[Result "0-1"]
[BlackElo "2289"]
[WhiteElo "2092"]
[LiveChessVersion "1.4.8"]

1. d4 {[%clk 1:30:57]} Nf6 {[%clk 1:30:51]} 2. Nf3 {[%clk 1:31:16]} g6
{[%clk 1:31:15]} 3. b4 {[%clk 1:30:56]} Bg7 {[%clk 1:31:39]} 4. Bb2
{[%clk 1:31:22]} O-O {[%clk 1:32:00]} 5. e3 {[%clk 1:31:26]} d5 {[%clk 1:31:21]}
6. c4 {[%clk 1:31:06]} c6 {[%clk 1:31:13]} 7. Nbd2 {[%clk 1:30:09]} a5
{[%clk 1:31:42]} 8. b5 {[%clk 1:29:54]} a4 {[%clk 1:31:59]} 9. Ba3
{[%clk 1:29:31]} Re8 {[%clk 1:31:22]} 10. Bd3 {[%clk 1:25:14]} Nbd7
{[%clk 1:31:37]} 11. bxc6 {[%clk 1:22:01]} bxc6 {[%clk 1:31:56]} 12. cxd5
{[%clk 1:20:56]} cxd5 {[%clk 1:31:23]} 13. O-O {[%clk 1:19:00]} Ba6
{[%clk 1:31:02]} 14. Bxa6 {[%clk 1:15:52]} Rxa6 {[%clk 1:31:24]} 15. Qe2
{[%clk 1:16:00]} Qa8 {[%clk 1:31:30]} 16. Rac1 {[%clk 1:15:41]} e6
{[%clk 1:30:11]} 17. Rc7 {[%clk 1:13:47]} Bf8 {[%clk 1:30:12]} 18. Bxf8
{[%clk 1:12:22]} Rxf8 {[%clk 1:30:30]} 19. Rfc1 {[%clk 1:08:29]} Rb6
{[%clk 1:30:37]} 20. R7c2 {[%clk 0:57:58]} Rfb8 {[%clk 1:30:40]} 21. Ne1
{[%clk 0:53:42]} Ne4 {[%clk 1:27:24]} 22. Nd3 {[%clk 0:52:33]} Qa6
{[%clk 1:27:38]} 23. f3 {[%clk 0:50:28]} Nxd2 {[%clk 1:27:39]} 24. Qxd2
{[%clk 0:50:53]} a3 {[%clk 1:26:46]} 25. Nc5 {[%clk 0:48:35]} Nxc5
{[%clk 1:27:05]} 26. dxc5 {[%clk 0:49:02]} Rb2 {[%clk 1:27:24]} 27. c6
{[%clk 0:47:26]} Qxc6 {[%clk 1:25:33]} 28. Rxb2 {[%clk 0:45:24]} Rxb2
{[%clk 1:25:41]} 29. Rxc6 {[%clk 0:42:23]} Rxd2 {[%clk 1:25:56]} 30. Ra6
{[%clk 0:42:48]} Rxa2 {[%clk 1:26:18]} 31. h3 {[%clk 0:41:21]} h5
{[%clk 1:26:27]} 32. h4 {[%clk 0:40:44]} Kg7 {[%clk 1:25:51]} 33. Kh2
{[%clk 0:40:55]} Kf6 {[%clk 1:26:03]} 34. Ra7 {[%clk 0:41:22]} Ra1
{[%clk 1:25:58]} 35. Kg3 {[%clk 0:41:34]} a2 {[%clk 1:26:18]} 36. Kf4
{[%clk 0:41:18]} e5+ {[%clk 1:24:21]} 37. Kg3 {[%clk 0:41:45]} d4
{[%clk 1:24:41]} 38. Ra6+ {[%clk 0:41:14]} Kg7 {[%clk 1:23:07]} 39. Kf2
{[%clk 0:40:20]} d3 {[%clk 1:23:17]} 0-1

[Event "WCO 2016"]
[Site "?"]
[Date "2016.09.11"]
[Round "9"]
[Board "7"]
[WhiteID "13002767"]
[White "Sie Thu"]
[BlackID "9200711"]
[Black "Al Sori Mohamed"]
[Result "1-0"]
[BlackElo "2036"]
[WhiteElo "2148"]
[LiveChessVersion "1.4.8"]

1. e4 {[%clk 1:30:58]} d5 {[%clk 1:30:56]} 2. exd5 {[%clk 1:31:17]} Qxd5
{[%clk 1:31:21]} 3. Nc3 {[%clk 1:31:35]} Qd6 {[%clk 1:31:46]} 4. g3
{[%clk 1:29:10]} Nf6 {[%clk 1:31:25]} 5. Bg2 {[%clk 1:29:08]} c6 {[%clk 1:31:11]}
6. d4 {[%clk 1:29:11]} g6 {[%clk 1:26:57]} 7. Nf3 {[%clk 1:27:26]} Bg7
{[%clk 1:27:06]} 8. O-O {[%clk 1:25:40]} O-O {[%clk 1:26:11]} 9. Bf4
{[%clk 1:25:14]} Qb4 {[%clk 1:20:54]} 10. Qc1 {[%clk 1:19:18]} Bg4
{[%clk 1:20:18]} 11. a3 {[%clk 1:18:12]} Qb6 {[%clk 1:17:02]} 12. Na4
{[%clk 1:14:23]} Qd8 {[%clk 1:13:00]} 13. c3 {[%clk 1:14:12]} Nbd7
{[%clk 1:04:24]} 14. Re1 {[%clk 1:11:03]} Re8 {[%clk 1:03:36]} 15. b4
{[%clk 1:04:28]} Nd5 {[%clk 1:03:05]} 16. Bh6 {[%clk 1:01:02]} Bh8
{[%clk 0:56:15]} 17. Ng5 {[%clk 0:52:33]} e5 {[%clk 0:45:31]} 18. c4
{[%clk 0:43:11]} N5b6 {[%clk 0:40:37]} 19. Nxb6 {[%clk 0:40:42]} Nxb6
{[%clk 0:36:18]} 20. dxe5 {[%clk 0:30:24]} Bxe5 {[%clk 0:33:17]} 21. Rxe5
{[%clk 0:29:41]} Rxe5 {[%clk 0:32:46]} 22. Qf4 {[%clk 0:20:41]} f6
{[%clk 0:30:58]} 23. Ne4 {[%clk 0:20:57]} Bf5 {[%clk 0:29:49]} 24. Nc5
{[%clk 0:20:42]} Qe7 {[%clk 0:27:08]} 25. h4 {[%clk 0:20:18]} Re8
{[%clk 0:21:04]} 26. Kh2 {[%clk 0:19:48]} Bc8 {[%clk 0:19:39]} 27. a4
{[%clk 0:16:22]} Rh5 {[%clk 0:18:01]} 28. Ne4 {[%clk 0:14:20]} Rf5
{[%clk 0:10:11]} 29. Qc1 {[%clk 0:13:44]} Qxb4 {[%clk 0:08:40]} 30. g4
{[%clk 0:09:10]} Rxe4 {[%clk 0:07:15]} 31. Bxe4 {[%clk 0:07:33]} Rxf2+
{[%clk 0:07:29]} 32. Kg3 {[%clk 0:07:35]} Rb2 {[%clk 0:05:19]} 33. Qf4
{[%clk 0:06:38]} Qc3+ {[%clk 0:04:32]} 34. Bf3 {[%clk 0:06:48]} Qc2
{[%clk 0:04:03]} 35. Kh3 {[%clk 0:06:33]} f5 {[%clk 0:02:32]} 36. g5
{[%clk 0:03:32]} Nxc4 {[%clk 0:00:40]} 37. Re1 {[%clk 0:03:22]} Kf7
{[%clk 0:00:33]} 38. Qc7+ {[%clk 0:03:34]} 1-0

[Event "WCO 2016"]
[Site "?"]
[Date "2016.09.11"]
[Round "9"]
[Board "8"]
[WhiteID "9200339"]
[White "Mahdia Farage"]
[BlackID "13001698"]
[Black "Maung Kyaw Zaw Hein"]
[Result "1/2-1/2"]
[BlackElo "2031"]
[WhiteElo "2023"]
[LiveChessVersion "1.4.8"]

1. Nf3 {[%clk 1:28:55]} d5 {[%clk 1:30:49]} 2. g3 {[%clk 1:29:01]} Nf6
{[%clk 1:31:09]} 3. Bg2 {[%clk 1:29:16]} c6 {[%clk 1:31:14]} 4. O-O
{[%clk 1:29:03]} Bf5 {[%clk 1:30:44]} 5. c4 {[%clk 1:26:16]} e6 {[%clk 1:30:47]}
6. cxd5 {[%clk 1:24:36]} exd5 {[%clk 1:28:59]} 7. Nc3 {[%clk 1:24:05]} Nbd7
{[%clk 1:25:46]} 8. d4 {[%clk 1:23:36]} Bd6 {[%clk 1:20:29]} 9. Nh4
{[%clk 1:20:49]} Bg6 {[%clk 1:18:30]} 10. Re1 {[%clk 1:20:16]} O-O
{[%clk 1:18:26]} 11. Nxg6 {[%clk 1:20:05]} hxg6 {[%clk 1:18:36]} 12. Bg5
{[%clk 1:13:22]} Qb6 {[%clk 1:16:32]} 13. Qc2 {[%clk 1:11:51]} Rfe8
{[%clk 1:10:22]} 14. e3 {[%clk 1:11:44]} Bb4 {[%clk 1:05:30]} 15. Bxf6
{[%clk 1:05:05]} Nxf6 {[%clk 1:05:37]} 16. a3 {[%clk 1:05:13]} Bxc3
{[%clk 1:03:37]} 17. bxc3 {[%clk 1:05:20]} Qc7 {[%clk 0:55:59]} 18. c4
{[%clk 1:04:00]} Qd7 {[%clk 0:55:29]} 19. Rab1 {[%clk 1:00:31]} Rac8
{[%clk 0:50:54]} 20. Qa4 {[%clk 1:00:16]} a6 {[%clk 0:49:19]} 21. c5
{[%clk 0:56:40]} Ne4 {[%clk 0:47:09]} 22. Bxe4 {[%clk 0:55:30]} Rxe4
{[%clk 0:46:19]} 23. Rb6 {[%clk 0:50:40]} g5 {[%clk 0:45:01]} 24. Qd1
{[%clk 0:48:10]} g6 {[%clk 0:41:53]} 25. Qf3 {[%clk 0:47:45]} Kg7
{[%clk 0:41:12]} 26. Reb1 {[%clk 0:47:58]} Rc7 {[%clk 0:41:23]} 27. h3
{[%clk 0:43:31]} f5 {[%clk 0:38:13]} 28. Kg2 {[%clk 0:36:48]} Qe7
{[%clk 0:34:51]} 29. R1b4 {[%clk 0:31:48]} Qd7 {[%clk 0:34:43]} 30. Rb1
{[%clk 0:29:02]} Qe7 {[%clk 0:35:04]} 31. a4 {[%clk 0:27:02]} Rd7
{[%clk 0:33:54]} 32. a5 {[%clk 0:25:45]} Rc7 {[%clk 0:34:11]} 33. Rh1
{[%clk 0:23:09]} Rd7 {[%clk 0:34:13]} 34. Rb4 {[%clk 0:20:44]} Rc7
{[%clk 0:34:13]} 35. Rhb1 {[%clk 0:19:12]} Rd7 {[%clk 0:34:11]} 36. R1b3
{[%clk 0:19:02]} Rc7 {[%clk 0:33:56]} 37. Qd1 {[%clk 0:17:55]} Qf7
{[%clk 0:33:36]} 38. f3 {[%clk 0:15:38]} Ree7 {[%clk 0:33:47]} 39. Qh1
{[%clk 0:15:22]} Qe8 {[%clk 0:31:19]} 40. Kf2 {[%clk 0:45:22]} Qh8
{[%clk 0:54:17]} 41. Rb1 {[%clk 0:44:12]} Rcd7 {[%clk 0:53:36]} 42. f4
{[%clk 0:43:03]} gxf4 {[%clk 0:52:37]} 43. exf4 {[%clk 0:42:28]} Qh5
{[%clk 0:46:40]} 44. Qf3 {[%clk 0:41:32]} Qxh3 {[%clk 0:45:14]} 45. Rh1
{[%clk 0:41:33]} Qg4 {[%clk 0:45:36]} 46. Qxg4 {[%clk 0:41:47]} fxg4
{[%clk 0:46:02]} 47. Rh4 {[%clk 0:41:45]} Re4 {[%clk 0:45:59]} 48. Rxg4
{[%clk 0:42:00]} Rde7 {[%clk 0:45:41]} 49. Rg5 {[%clk 0:42:25]} Re2+
{[%clk 0:43:49]} 50. Kf3 {[%clk 0:42:18]} Ra2 {[%clk 0:42:15]} 51. f5
{[%clk 0:42:06]} Kf6 {[%clk 0:42:02]} 52. Rxg6+ {[%clk 0:38:55]} Kxf5
{[%clk 0:42:16]} 53. Rg8 {[%clk 0:38:24]} Ra3+ {[%clk 0:42:28]} 54. Kg2
{[%clk 0:38:47]} Ra2+ {[%clk 0:42:53]} 55. Kf3 {[%clk 0:39:11]} Ra3+
{[%clk 0:43:15]} 56. Kg2 {[%clk 0:39:15]} 1/2-1/2

[Event "WCO 2016"]
[Site "?"]
[Date "2016.09.11"]
[Round "9"]
[Board "9"]
[WhiteID "6400361"]
[White "Munoz Santana Jose Lisandro"]
[BlackID "3101126"]
[Black "Machin Rivera Mark"]
[Result "1/2-1/2"]
[BlackElo "2339"]
[WhiteElo "2439"]
[LiveChessVersion "1.4.8"]

1. d4 {[%clk 1:30:56]} g6 {[%clk 1:30:47]} 2. c4 {[%clk 1:31:15]} Bg7
{[%clk 1:31:12]} 3. Nf3 {[%clk 1:31:41]} Nf6 {[%clk 1:31:12]} 4. g3
{[%clk 1:31:59]} O-O {[%clk 1:31:36]} 5. Bg2 {[%clk 1:32:26]} d6 {[%clk 1:31:53]}
6. O-O {[%clk 1:32:49]} Nc6 {[%clk 1:32:07]} 7. Nc3 {[%clk 1:33:13]} a6
{[%clk 1:32:33]} 8. Bf4 {[%clk 1:33:29]} Rb8 {[%clk 1:31:56]} 9. Rc1
{[%clk 1:33:43]} Bg4 {[%clk 1:27:58]} 10. h3 {[%clk 1:11:08]} Bxf3
{[%clk 1:25:39]} 11. Bxf3 {[%clk 1:04:01]} Nd7 {[%clk 1:21:08]} 12. Bxc6
{[%clk 0:57:31]} bxc6 {[%clk 1:21:28]} 13. Qd2 {[%clk 0:57:38]} c5
{[%clk 1:13:35]} 14. d5 {[%clk 0:53:23]} Qc8 {[%clk 1:00:52]} 15. b3
{[%clk 0:50:36]} c6 {[%clk 0:58:40]} 16. dxc6 {[%clk 0:46:46]} Qxc6
{[%clk 0:58:35]} 17. Nd5 {[%clk 0:47:08]} Rfe8 {[%clk 0:57:33]} 18. Bg5
{[%clk 0:45:59]} Bf8 {[%clk 0:51:13]} 19. h4 {[%clk 0:40:20]} e6 {[%clk 0:37:22]}
20. Nc3 {[%clk 0:39:41]} Ne5 {[%clk 0:35:43]} 21. Rfd1 {[%clk 0:35:30]} f5
{[%clk 0:33:04]} 22. Bf4 {[%clk 0:23:19]} Nf7 {[%clk 0:32:13]} 23. e4
{[%clk 0:20:57]} Bg7 {[%clk 0:28:27]} 24. Re1 {[%clk 0:16:48]} Bxc3
{[%clk 0:17:32]} 25. Qxc3 {[%clk 0:16:35]} e5 {[%clk 0:17:43]} 26. Bd2
{[%clk 0:16:59]} fxe4 {[%clk 0:17:51]} 27. Qc2 {[%clk 0:16:51]} Nd8
{[%clk 0:17:54]} 28. Rxe4 {[%clk 0:14:54]} Ne6 {[%clk 0:18:12]} 29. Be3
{[%clk 0:07:11]} Nd4 {[%clk 0:16:56]} 30. Bxd4 {[%clk 0:07:33]} exd4
{[%clk 0:17:18]} 31. Rce1 {[%clk 0:07:05]} Rxe4 {[%clk 0:17:13]} 32. Rxe4
{[%clk 0:04:47]} Re8 {[%clk 0:16:59]} 33. Re2 {[%clk 0:05:15]} Re5
{[%clk 0:13:55]} 34. f4 {[%clk 0:05:26]} Rxe2 {[%clk 0:12:13]} 35. Qxe2
{[%clk 0:05:55]} Kf7 {[%clk 0:12:35]} 36. f5 {[%clk 0:05:44]} gxf5
{[%clk 0:04:54]} 37. Qh5+ {[%clk 0:06:13]} Kf6 {[%clk 0:01:58]} 38. Qg5+
{[%clk 0:06:20]} Ke6 {[%clk 0:01:56]} 39. Qh6+ {[%clk 0:06:01]} Ke5
{[%clk 0:01:10]} 40. Qf4+ {[%clk 0:00:54]} Ke6 {[%clk 0:31:25]} 41. Qh6+
{[%clk 0:31:50]} Ke5 {[%clk 0:31:28]} 1/2-1/2